000 00521cam a22002054a 4500
005 20250605164254.0
008 250528s ||||||||||||||||||||||||d
035 _a21849
020 _a9789603876700
040 _aGR-AtMCL
_bgre
_dGR-AtMCL
_eAACR2
245 1 _aECDL EXPERT 4 ΣΕ 1
250 _a1
260 _bΓκιουρδας,
_c2003
300 _a863
700 1 _aΓαβανα Αναστασια
_97754
700 1 _aΛεοντιος Μανος
_95862
942 _cBK
999 _c6907
_d6907